Derecho penal: principios generales
Պահպանված է:
| Հիմնական հեղինակ: | |
|---|---|
| Ձևաչափ: | Գիրք |
| Լեզու: | իսպաներեն |
| Հրապարակվել է: |
Caracas
Universidad Central de Venezuela
1963
|
| Խորագրեր: | |
| Ցուցիչներ: |
Ավելացրեք ցուցիչ
Չկան պիտակներ, Եղեք առաջինը, ով նշում է այս գրառումը!
|
MARC
| LEADER | 00000nam a2200000 a 4500 | ||
|---|---|---|---|
| 001 | UCS0166 | ||
| 003 | CL-VaPUC | ||
| 008 | 970418e19630000VE |||||||||||||||||spa|d | ||
| 082 | 0 | 4 | |a 345.87 |b MIG |2 21 |
| 100 | |a Miguel Pérez, Isidro de |e autor |9 383330 | ||
| 245 | 1 | 0 | |a Derecho penal: principios generales |
| 300 | |a 504 p | ||
| 942 | |c BK | ||
| 945 | |d 19970418 00:00:00 |a paguirre | ||
| 260 | |a Caracas |b Universidad Central de Venezuela |c 1963 | ||
| 650 | 7 | |a DERECHO PENAL |2 CL-VaPUC |9 11 | |
| 650 | 0 | |a Teoría del derecho |9 255982 | |
| 650 | 7 | |a LEGISLACION |2 CL-VaPUC |9 383331 | |
| 650 | 0 | |a Derecho comparado |9 255664 | |
| 650 | 0 | |a Ley penal |9 256611 | |
| 650 | 0 | |a Delitos |9 224143 | |
| 650 | 7 | |a CULPABILIDAD |2 CL-VaPUC |9 351694 | |
| 650 | 0 | |a Sanción jurídica |9 383332 | |
| 651 | 0 | |a Venezuela |9 254993 | |
| 583 | |a last modification |c 19970418 00:00:00 |k Rodrigo Vera | ||
| 999 | |c 258409 |d 258407 | ||
| 952 | |0 0 |1 0 |4 0 |6 345_870000000000000_MIG_1963 |7 0 |8 A |9 282485 |a BIBDER |b BIBDER |d 2019-11-19 |i 1831216 |o 345.87 MIG 1963 |p 1831216 |r 2023-01-25 |w 2019-11-19 |y BK |k DER | ||